| 000 | 01911nam0a2200385 4500 | ||
|---|---|---|---|
| 001 | RU\NLR\BIBL_A\016207036 | ||
| 005 | 20221206145636.0 | ||
| 010 |
_a978-5-91759-786-7 _92000 |
||
| 021 |
_aRU _bКН-П-22-070681 _9КН-П-22-6154 |
||
| 035 | _a(NLR Aleph) 016207036 | ||
| 035 | _a(RuMoRGB)011286241 | ||
| 090 |
_a12695299 _c12695299 |
||
| 100 | _a20221114d2022 c y0rusy50 ca | ||
| 101 | 1 |
_arus _ceng |
|
| 102 | _aRU | ||
| 105 | _a |||z|||000 y | ||
| 181 | 0 |
_ab3 _bxb2e |
|
| 181 | 0 |
_ai1 _baxxe |
|
| 182 | 0 | _an | |
| 200 | 1 |
_aФредерик _e[для дошкольного и младшего школьного возраста] _fЛео Лионни _gперевод с английского Ольги Варшавер |
|
| 203 |
_aИзображение _aТекст _bвизуальные _cнепосредственные |
||
| 210 |
_aМосква _cСамокат _d2022 |
||
| 215 |
_a[32] с. _cцв. ил. _d28 |
||
| 225 | 1 | _aЛегенды иллюстрации | |
| 330 | _aЛео Лионни, всемирно известный дизайнер, график и книжный иллюстратор, родился в Голландии, учился в Италии, а в 1939 году переехал в США. Художник умер в 1999 году в возрасте 89 лет, оставив маленьким читателям множество книжек-картинок. Четыре книжки Лионни были удостоены престижной премии Калдекотта | ||
| 333 | _a0+ | ||
| 686 | 0 | _aШ9(7США)60-4 | |
| 700 | 1 |
_7ca _8rus _aЛионни _bЛ. _f1910-1999 _gЛео _9215756 _3RU\NLR\AUTH\770215812 |
|
| 942 | _cBOOK | ||
| 980 | _aNB | ||